<?xml version="1.0" encoding="UTF-8"?>
<record
    xmlns:xsi="http://www.w3.org/2001/XMLSchema-instance"
    xsi:schemaLocation="http://www.loc.gov/MARC21/slim http://www.loc.gov/standards/marcxml/schema/MARC21slim.xsd"
    xmlns="http://www.loc.gov/MARC21/slim">

  <leader>00580nam a22001817a 4500</leader>
  <controlfield tag="003">NUST</controlfield>
  <controlfield tag="005">20221103130325.0</controlfield>
  <datafield tag="020" ind1=" " ind2=" ">
    <subfield code="a">9789332586871</subfield>
  </datafield>
  <datafield tag="082" ind1=" " ind2=" ">
    <subfield code="a">520,CHA</subfield>
  </datafield>
  <datafield tag="100" ind1=" " ind2=" ">
    <subfield code="a">Chaisson, Eric</subfield>
    <subfield code="9">102314</subfield>
  </datafield>
  <datafield tag="245" ind1=" " ind2=" ">
    <subfield code="a">Astronomy :</subfield>
    <subfield code="b">a beginner's guide to the universe /</subfield>
    <subfield code="c">Eric Chaisson, </subfield>
  </datafield>
  <datafield tag="250" ind1=" " ind2=" ">
    <subfield code="a">7th edition</subfield>
  </datafield>
  <datafield tag="260" ind1=" " ind2=" ">
    <subfield code="a">Pearson</subfield>
    <subfield code="b">India</subfield>
    <subfield code="c">2017</subfield>
  </datafield>
  <datafield tag="300" ind1=" " ind2=" ">
    <subfield code="a">xv, 502 p</subfield>
  </datafield>
  <datafield tag="505" ind1=" " ind2=" ">
    <subfield code="a">Part.1 Foundation (Page-xviii), Part.2 Our planetary system (Page-98), Part.3 The stars (Page-242), Part.4 Galaxies and the universe (Page-376)</subfield>
  </datafield>
  <datafield tag="650" ind1=" " ind2=" ">
    <subfield code="a">Astronomy</subfield>
  </datafield>
  <datafield tag="942" ind1=" " ind2=" ">
    <subfield code="2">ddc</subfield>
    <subfield code="c">BK</subfield>
  </datafield>
  <datafield tag="999" ind1=" " ind2=" ">
    <subfield code="c">592249</subfield>
    <subfield code="d">592249</subfield>
  </datafield>
  <datafield tag="952" ind1=" " ind2=" ">
    <subfield code="0">0</subfield>
    <subfield code="1">0</subfield>
    <subfield code="2">ddc</subfield>
    <subfield code="4">0</subfield>
    <subfield code="7">0</subfield>
    <subfield code="a">MCS</subfield>
    <subfield code="b">MCS</subfield>
    <subfield code="c">GEN</subfield>
    <subfield code="d">2022-11-03</subfield>
    <subfield code="l">1</subfield>
    <subfield code="o">520,CHA</subfield>
    <subfield code="p">MCS38277</subfield>
    <subfield code="r">2023-03-24</subfield>
    <subfield code="s">2022-12-12</subfield>
    <subfield code="w">2022-11-03</subfield>
    <subfield code="y">BK</subfield>
    <subfield code="z">Almirah Fresh No.44, Shelf No.6</subfield>
  </datafield>
</record>
